[Event "Tradewise Gibraltar ChallWk1"]
[Site "Gibraltar"]
[Date "2018.01.23"]
[Round "2.15"]
[White "Burke, Mitchell R"]
[Black "Madina Yadarola, Martin"]
[Result "0-1"]
[WhiteElo "1989"]
[BlackElo "2167"]
[PlyCount "62"]
[EventDate "2018.01.22"]
[EventType "swiss"]
[EventRounds "5"]
[EventCountry "GGB"]

1. e4 c5 2. Nf3 e6 3. g3 d5 4. exd5 exd5 5. d4 Nf6 6. Bg2 Bg4 7. O-O Nc6 8.
dxc5 Bxc5 9. Nbd2 O-O 10. Nb3 Bb6 11. c3 Ne4 12. Qd3 Re8 13. Nbd4 Qf6 14. Bf4
g5 15. Be3 Rac8 16. Rfe1 h6 17. h3 Bh5 18. g4 Bg6 19. Qf1 Na5 20. Nd2 Nxd2 21.
Bxd2 Nc4 22. Nb3 Nxb2 23. Rxe8+ Rxe8 24. Bxd5 Nd3 25. Nd4 Bxd4 26. cxd4 Qxd4
27. Bxb7 Nxf2 28. Qxf2 Qxa1+ 29. Kg2 Qxa2 30. Bc6 Be4+ 31. Bxe4 Rxe4 0-1

[Event "Tradewise Gibraltar ChallWk1"]
[Site "Gibraltar"]
[Date "2018.01.23"]
[Round "2.16"]
[White "Makka, Ioulia"]
[Black "Coleman, David J"]
[Result "0-1"]
[WhiteElo "2167"]
[BlackElo "2055"]
[PlyCount "144"]
[EventDate "2018.01.22"]
[EventType "swiss"]
[EventRounds "5"]
[EventCountry "GGB"]

1. e4 c5 2. Nf3 d6 3. d4 cxd4 4. Nxd4 Nf6 5. Nc3 a6 6. Be2 e5 7. Nb3 Be7 8. Bg5
Nbd7 9. a4 b6 10. Bc4 O-O 11. O-O Bb7 12. Nd2 Nc5 13. Bxf6 Bxf6 14. Bd5 Rb8 15.
Re1 Bxd5 16. Nxd5 Bg5 17. Nf1 g6 18. Ra3 Rb7 19. b4 Ne6 20. a5 bxa5 21. bxa5
Rb5 22. Nb6 Rc5 23. c3 Qc7 24. Ne3 Bxe3 25. Rxe3 Rd8 26. g3 Kg7 27. h4 h5 28.
Qf3 Qc6 29. Nd5 f5 30. Nb4 Qb7 31. exf5 Qxf3 32. Rxf3 Nc7 33. fxg6 Kxg6 34. Re3
Nd5 35. Nxd5 Rxd5 36. Re4 Rc8 37. Rb4 Rd1+ 38. Kg2 Rd2 39. Kf1 Rf8 40. f4 exf4
41. gxf4 Re8 42. Rd4 Rxd4 43. cxd4 Re4 44. Rb3 Rxf4+ 45. Kg2 Rxd4 46. Rb6 Kf5
47. Rxa6 Kg4 48. Rb6 Rd2+ 49. Kf1 Kxh4 50. Rb4+ Kg3 51. Rb3+ Kf4 52. Ra3 Rb2
53. a6 Rb8 54. a7 Ra8 55. Kf2 h4 56. Ra4+ Ke5 57. Kf3 d5 58. Kg4 d4 59. Kf3 Kd5
60. Ra1 h3 61. Kg3 d3 62. Kxh3 Kd4 63. Kg3 Kc3 64. Kf3 d2 65. Ke2 Re8+ 66. Kf1
Kb2 67. Rd1 Kc2 68. Ra1 d1=Q+ 69. Rxd1 Kxd1 70. Kf2 Ra8 71. Ke3 Rxa7 72. Kd3
Rc7 0-1

[Event "Tradewise Gibraltar ChallWk1"]
[Site "Gibraltar"]
[Date "2018.01.23"]
[Round "2.17"]
[White "Sousa, Ludy Helsio Paulo"]
[Black "Sandhya, Goli"]
[Result "1-0"]
[WhiteElo "2153"]
[BlackElo "1934"]
[PlyCount "41"]
[EventDate "2018.01.22"]
[EventType "swiss"]
[EventRounds "5"]
[EventCountry "GGB"]

1. e4 c5 2. Nf3 d6 3. d4 cxd4 4. Nxd4 Nf6 5. Nc3 a6 6. Bg5 Nbd7 7. f4 Qc7 8.
Qf3 b5 9. O-O-O Bb7 10. g4 e5 11. Bxf6 Nxf6 12. fxe5 dxe5 13. Nf5 Rd8 14. Rxd8+
Qxd8 15. Be2 b4 16. Rd1 Qa5 17. Nd5 Nxd5 18. Bc4 Nf6 19. Qb3 Qc7 20. g5 Nxe4
21. Bxf7+ 1-0

[Event "Tradewise Gibraltar ChallWk1"]
[Site "Gibraltar"]
[Date "2018.01.23"]
[Round "2.18"]
[White "Villar Reymundo, Juan Antonio"]
[Black "Suez-Panama, Gilles"]
[Result "1-0"]
[WhiteElo "2121"]
[BlackElo "1959"]
[PlyCount "47"]
[EventDate "2018.01.22"]
[EventType "swiss"]
[EventRounds "5"]
[EventCountry "GGB"]

1. d4 Nf6 2. Bf4 d6 3. Nc3 c6 4. Qd3 Qa5 5. O-O-O b5 6. a3 b4 7. axb4 Qxb4 8.
e4 Ba6 9. Qd2 Bxf1 10. Rxf1 Nbd7 11. Nf3 Rb8 12. b3 Nh5 13. Be3 Qa3+ 14. Kd1 e5
15. Ke2 exd4 16. Nxd4 Qa6+ 17. Qd3 Qb7 18. Nf5 Ne5 19. Nxd6+ Bxd6 20. Qxd6 Qa6+
21. Ke1 Qa1+ 22. Kd2 Qxf1 23. Qxb8+ Kd7 24. Qxa7+ 1-0

[Event "Tradewise Gibraltar ChallWk1"]
[Site "Gibraltar"]
[Date "2018.01.23"]
[Round "2.19"]
[White "Mayank, Pal"]
[Black "Elomari, Anas"]
[Result "0-1"]
[WhiteElo "1834"]
[BlackElo "2100"]
[PlyCount "178"]
[EventDate "2018.01.22"]
[EventType "swiss"]
[EventRounds "5"]
[EventCountry "GGB"]

1. Nf3 c5 2. c4 Nf6 3. Nc3 g6 4. e3 Bg7 5. d4 O-O 6. Be2 b6 7. d5 d6 8. e4 e6
9. dxe6 fxe6 10. O-O Nc6 11. Bg5 h6 12. Bh4 g5 13. Bg3 e5 14. Nb5 Nd4 15. Nfxd4
cxd4 16. Bf3 Be6 17. b3 Qd7 18. Nxd4 exd4 19. e5 dxe5 20. Bxa8 Rxa8 21. Bxe5
Rd8 22. Qf3 Bg4 23. Qd3 Qf5 24. Qxf5 Bxf5 25. Rad1 Ne4 26. Bxg7 Kxg7 27. Rfe1
Kf6 28. f3 Nc5 29. Rd2 a5 30. Red1 d3 31. Re1 h5 32. Re3 h4 33. h3 Bg6 34. Kf2
Rd4 35. Re1 Rf4 36. Ke3 Ne6 37. Kf2 Rd4 38. Re3 a4 39. Re1 axb3 40. axb3 b5 41.
cxb5 Rb4 42. Rb1 Ke5 43. Re1+ Kd5 44. Ke3 Rxb5 45. Rc1 Rxb3 46. Ra1 Rb6 47. Ra8
Nc5 48. Rg8 Re6+ 49. Kf2 Kd4 50. Rc8 Nb3 51. Rd1 d2 52. Rb8 Kc3 53. Rxb3+ Kxb3
54. Rxd2 Kc4 55. Rd8 Rf6 56. Rd7 Kc5 57. Rd8 Kc6 58. Rd4 Rf4 59. Rd8 Bf7 60.
Rd3 Bd5 61. Re3 Kd6 62. Re8 Be6 63. Ra8 Ke5 64. Ra5+ Bd5 65. Ra3 Rb4 66. Re3+
Kf5 67. Rd3 Rb2+ 68. Kg1 Ke5 69. Re3+ Kf4 70. Rd3 Be6 71. Kh2 Bf5 72. Rd4+ Ke5
73. Rc4 Bd3 74. Rc5+ Kf4 75. Kg1 Rb5 76. Rc3 Kg3 77. Rc1 Rb1 78. Rxb1 Bxb1 79.
Kh1 Bd3 80. Kg1 Be2 81. f4 gxf4 82. Kh1 Kf2 83. Kh2 Bf1 84. Kh1 Bxg2+ 85. Kh2
Bxh3 86. Kh1 f3 87. Kh2 Ke1 88. Kg1 f2+ 89. Kh2 Bg2 0-1

[Event "Tradewise Gibraltar ChallWk1"]
[Site "Gibraltar"]
[Date "2018.01.23"]
[Round "2.20"]
[White "Kanbier, Max"]
[Black "Pabalan, Rocky"]
[Result "0-1"]
[WhiteElo "1864"]
[BlackElo "2098"]
[PlyCount "96"]
[EventDate "2018.01.22"]
[EventType "swiss"]
[EventRounds "5"]
[EventCountry "GGB"]

1. f4 g6 2. Nf3 c5 3. g3 Bg7 4. Bg2 Nc6 5. O-O Nf6 6. Nc3 d5 7. d3 O-O 8. e4
Bg4 9. e5 Ne8 10. h3 Bxf3 11. Qxf3 e6 12. Re1 Nd4 13. Qf2 f6 14. exf6 Bxf6 15.
Rf1 Nd6 16. Nd1 Rc8 17. c3 N4f5 18. Ne3 Nxe3 19. Bxe3 d4 20. Bd2 Qb6 21. Rab1
c4 22. Be4 Rfd8 23. Rfc1 cxd3 24. Bxd3 Nf5 25. Bxf5 exf5 26. Re1 Re8 27. Rxe8+
Rxe8 28. Re1 Re4 29. Rxe4 fxe4 30. Be1 Qd6 31. Qd2 d3 32. h4 Bd8 33. Bf2 Bb6
34. Bxb6 axb6 35. Kf2 Qc5+ 36. Qe3 Qxe3+ 37. Kxe3 h5 38. c4 Kf7 39. b4 Ke6 40.
a4 Kf5 41. Kd2 Kg4 42. c5 bxc5 43. bxc5 Kf3 44. c6 bxc6 45. Ke1 e3 46. a5 e2
47. a6 Ke3 48. a7 d2# 0-1

[Event "Tradewise Gibraltar ChallWk1"]
[Site "Gibraltar"]
[Date "2018.01.23"]
[Round "2.21"]
[White "Sedgwick, David"]
[Black "Maisuradze, Nino"]
[Result "0-1"]
[WhiteElo "2012"]
[BlackElo "2234"]
[PlyCount "22"]
[EventDate "2018.01.22"]
[EventType "swiss"]
[EventRounds "5"]
[EventCountry "GGB"]

1. e4 c5 2. c3 d5 3. exd5 Qxd5 4. d4 Nf6 5. Nf3 e6 6. Bd3 Nc6 7. O-O Be7 8. Bg5
cxd4 9. cxd4 Nxd4 10. Qa4+ Nc6 11. Nc3 Qxd3 0-1

[Event "Tradewise Gibraltar ChallWk1"]
[Site "Gibraltar"]
[Date "2018.01.23"]
[Round "2.22"]
[White "Kvisla, Johannes Luangtep"]
[Black "Rueda-Kjeldsen, Juan Carlos"]
[Result "1-0"]
[WhiteElo "2234"]
[BlackElo "1988"]
[PlyCount "73"]
[EventDate "2018.01.22"]
[EventType "swiss"]
[EventRounds "5"]
[EventCountry "GGB"]

1. d4 d5 2. Bf4 e6 3. e3 Bd6 4. Bg3 Nf6 5. Nf3 Bxg3 6. hxg3 h6 7. Bd3 c5 8. c3
Qb6 9. b3 Bd7 10. Ne5 Nc6 11. Nxc6 Bxc6 12. Nd2 Bb5 13. c4 cxd4 14. exd4 Qxd4
15. Be2 dxc4 16. Rh4 Qd6 17. a4 Ba6 18. Nxc4 Qxd1+ 19. Rxd1 Ke7 20. Bf3 Rhd8
21. Rxd8 Rxd8 22. Na5 Rd7 23. b4 b6 24. Nc6+ Kd6 25. Nb8 Bc8 26. Nxd7 Bxd7 27.
a5 e5 28. Rc4 Ne8 29. Rc1 f5 30. Rd1+ Ke7 31. axb6 axb6 32. Ra1 e4 33. Be2 Kd6
34. Ra6 Kc7 35. Ra7+ Kc6 36. b5+ Kd6 37. Rb7 1-0

[Event "Tradewise Gibraltar ChallWk1"]
[Site "Gibraltar"]
[Date "2018.01.23"]
[Round "2.23"]
[White "Garcia Lopez, Juan Antonio"]
[Black "Jordan Martinez, Miguel"]
[Result "0-1"]
[WhiteElo "1959"]
[BlackElo "2201"]
[PlyCount "80"]
[EventDate "2018.01.22"]
[EventType "swiss"]
[EventRounds "5"]
[EventCountry "GGB"]

1. Nf3 Nf6 2. g3 g6 3. Bg2 Bg7 4. O-O O-O 5. c4 d6 6. d3 e5 7. e4 c6 8. Nc3 Re8
9. d4 exd4 10. Nxd4 Nbd7 11. Re1 Ne5 12. b3 Qb6 13. Na4 Qc7 14. Bb2 a6 15. c5
dxc5 16. Nxc5 b6 17. Nd3 Nxd3 18. Qxd3 Bb7 19. Qc2 c5 20. e5 Nd5 21. e6 Nb4 22.
Qc4 Bxg2 23. Kxg2 Qb7+ 24. f3 Qd5 25. Rac1 Qxc4 26. Rxc4 Nd3 27. Re2 Nxb2 28.
Rxb2 Bxd4 29. Re2 Rxe6 30. Rxe6 fxe6 31. Rc2 Kf7 32. Re2 Rc8 33. f4 b5 34. Kf3
c4 35. Ke4 Bf6 36. bxc4 bxc4 37. Rc2 c3 38. Kd3 Rb8 39. Re2 Rb2 40. Re4 Rd2+
0-1

[Event "Tradewise Gibraltar ChallWk1"]
[Site "Gibraltar"]
[Date "2018.01.23"]
[Round "2.24"]
[White "Longa Yauca, Javier"]
[Black "Gostelow, David W"]
[Result "1-0"]
[WhiteElo "2198"]
[BlackElo "1945"]
[PlyCount "88"]
[EventDate "2018.01.22"]
[EventType "swiss"]
[EventRounds "5"]
[EventCountry "GGB"]

1. e4 c5 2. Nc3 e6 3. Nf3 Nc6 4. g3 g6 5. Bg2 Bg7 6. O-O Nge7 7. d3 O-O 8. Re1
d6 9. Bg5 h6 10. Be3 Nd4 11. Qd2 Kh7 12. Rab1 Qa5 13. Bxd4 cxd4 14. Ne2 Qxd2
15. Nxd2 Bd7 16. Nc4 d5 17. Na5 Bc6 18. Nf4 dxe4 19. dxe4 Rfd8 20. Nd3 Rac8 21.
Rbd1 Rc7 22. Nxc6 Rxc6 23. e5 Rb6 24. a3 a5 25. b3 Nd5 26. Nb2 Rc6 27. Nc4 b5
28. Nxa5 Rxc2 29. Rxd4 Ra2 30. Nb7 Rd7 31. Nc5 Rc7 32. b4 Nc3 33. Bf1 Rxa3 34.
Re3 Rca7 35. Rd7 Nb1 36. Rxa7 Rxa7 37. Bxb5 Na3 38. Bd3 Ra8 39. Be4 Ra7 40. Bd3
Ra8 41. Ba6 Nb1 42. b5 Bf8 43. Nd7 Be7 44. b6 Rxa6 1-0

[Event "Tradewise Gibraltar ChallWk1"]
[Site "Gibraltar"]
[Date "2018.01.23"]
[Round "2.25"]
[White "Brown, David"]
[Black "Gonzalez Gonzalez, Alfonso"]
[Result "0-1"]
[WhiteElo "1953"]
[BlackElo "2192"]
[PlyCount "66"]
[EventDate "2018.01.22"]
[EventType "swiss"]
[EventRounds "5"]
[EventCountry "GGB"]

1. e4 c5 2. Nf3 a6 3. c4 g6 4. d4 Bg7 5. Be2 cxd4 6. Nxd4 Qb6 7. Nc2 Qe6 8. Qd3
Nc6 9. Nd2 f5 10. exf5 Qxf5 11. Qxf5 gxf5 12. Rb1 e5 13. b3 Nf6 14. O-O d6 15.
Bb2 Be6 16. Rfd1 Rd8 17. Nf3 Ne4 18. Nfe1 Bf6 19. Ne3 Rg8 20. N1c2 Bh4 21. f3
Ng5 22. Kf1 f4 23. Nd5 Kf7 24. Nc3 Ne7 25. Ba3 Bf5 26. Bd3 Nxf3 27. Bxf5 Nxh2+
28. Kg1 Nf3+ 29. Kh1 Nxf5 30. gxf3 Rg6 31. Ne4 Rdg8 32. Rg1 Bg3 33. Nxg3 Nxg3+
0-1

[Event "Tradewise Gibraltar ChallWk1"]
[Site "Gibraltar"]
[Date "2018.01.23"]
[Round "2.26"]
[White "Pinho, Paulo"]
[Black "Ansari, Athar"]
[Result "1-0"]
[WhiteElo "2186"]
[BlackElo "1919"]
[PlyCount "53"]
[EventDate "2018.01.22"]
[EventType "swiss"]
[EventRounds "5"]
[EventCountry "GGB"]

1. d4 Nf6 2. c4 e6 3. Nf3 b6 4. Nc3 Bb7 5. Bg5 Bb4 6. e3 h6 7. Bh4 c5 8. Bd3
Bxc3+ 9. bxc3 d6 10. O-O Nbd7 11. Nd2 e5 12. f4 Qc7 13. a4 O-O 14. fxe5 dxe5
15. Bxf6 Nxf6 16. Rxf6 gxf6 17. Qg4+ Kh8 18. Qf5 e4 19. Nxe4 Rg8 20. Qxf6+ Rg7
21. Qxh6+ Rh7 22. Qf6+ Kg8 23. g3 Rc8 24. Nd6 Rg7 25. Nf5 Rg6 26. Ne7+ Kh7 27.
Bxg6+ 1-0

[Event "Tradewise Gibraltar ChallWk1"]
[Site "Gibraltar"]
[Date "2018.01.23"]
[Round "2.27"]
[White "Stern, Geoffrey"]
[Black "Gueler, Sebastian"]
[Result "1/2-1/2"]
[WhiteElo "1940"]
[BlackElo "2120"]
[PlyCount "79"]
[EventDate "2018.01.22"]
[EventType "swiss"]
[EventRounds "5"]
[EventCountry "GGB"]

1. d4 d5 2. Nc3 Nf6 3. Bg5 Nbd7 4. e3 e6 5. Nf3 h6 6. Bh4 c5 7. a3 Be7 8. Bd3
O-O 9. O-O a6 10. Ne5 Nxe5 11. dxe5 Nd7 12. Bxe7 Qxe7 13. f4 f6 14. exf6 Nxf6
15. Qd2 e5 16. Nxd5 Nxd5 17. Bc4 Be6 18. Bxd5 Rad8 19. Bxe6+ Qxe6 20. Qc3 exf4
21. exf4 Qd5 22. Rf2 Rde8 23. Raf1 Re4 24. g3 Rfe8 25. Qf3 Qf7 26. f5 Qf6 27.
Qb3+ Qf7 28. Qxf7+ Kxf7 29. Kg2 Kf6 30. h3 h5 31. Rf4 Rxf4 32. Rxf4 Re2+ 33.
Rf2 Rxf2+ 34. Kxf2 Kxf5 35. Kf3 c4 36. a4 b6 37. Ke3 Ke5 38. c3 g5 39. Kf3 Kf5
40. g4+ 1/2-1/2

[Event "Tradewise Gibraltar ChallWk1"]
[Site "Gibraltar"]
[Date "2018.01.23"]
[Round "2.28"]
[White "Chibnall, Alana"]
[Black "Bolt, Graham"]
[Result "1-0"]
[WhiteElo "1906"]
[BlackElo "2094"]
[PlyCount "191"]
[EventDate "2018.01.22"]
[EventType "swiss"]
[EventRounds "5"]
[EventCountry "GGB"]

1. e4 g6 2. d4 Bg7 3. Nf3 d6 4. Bc4 e6 5. Bg5 Ne7 6. Qd2 h6 7. Be3 a6 8. a4 b6
9. Nc3 Bb7 10. Rd1 Nd7 11. d5 e5 12. g4 Nf6 13. h3 g5 14. Qd3 Ng6 15. Kd2 Nd7
16. Kc1 Qf6 17. Qe2 Nf4 18. Bxf4 Qxf4+ 19. Kb1 a5 20. Ne1 Nc5 21. Nd3 Nxd3 22.
Rxd3 Qf6 23. Bb5+ Kd8 24. Nd1 Qg6 25. Rc3 Rc8 26. Qc4 Qf6 27. Ne3 h5 28. f3 Qf4
29. Nf5 Bf8 30. b4 axb4 31. Qxb4 Bxd5 32. Ba6 Rb8 33. Bc4 c5 34. Qb3 Bxc4 35.
Qxc4 Qd2 36. Rd3 Qb4+ 37. Qxb4 cxb4 38. Kb2 hxg4 39. fxg4 Kc7 40. h4 gxh4 41.
Rxh4 Rxh4 42. Nxh4 b5 43. axb5 Rxb5 44. Rf3 Kc6 45. Rxf7 Bh6 46. Nf5 Bd2 47.
Rf6 Bc3+ 48. Kb3 Rb8 49. Rxd6+ Kc5 50. Rd5+ Kb6 51. Nh6 Rf8 52. g5 Rf3 53. Rd3
Rf1 54. Nf5 Rg1 55. Rg3 Re1 56. Nd6 Kc5 57. Nb7+ Kb5 58. Rxc3 bxc3 59. Kxc3 Kc6
60. Nd8+ Kd7 61. Nf7 Ke6 62. g6 Kf6 63. Kd3 Rg1 64. Nd6 Rxg6 65. Nf5 Rg1 66.
Kc3 Ke6 67. Kd3 Rd1+ 68. Ke2 Rd8 69. Ne3 Rc8 70. Kd3 Rd8+ 71. Nd5 Kd6 72. Kc4
Rc8+ 73. Kd3 Kc5 74. Ne3 Rh8 75. c3 Rh3 76. Kd2 Rh4 77. Kd3 Rf4 78. Nd5 Rf1 79.
Ne3 Ra1 80. Kc2 Ra8 81. Kd3 Rd8+ 82. Kc2 Kb5 83. Kb3 Rh8 84. Ng4 Rh5 85. Kc2
Ka4 86. Ne3 Rh2+ 87. Kd3 Kb3 88. Ng4 Rh5 89. Kd2 Kb2 90. Kd3 Rg5 91. Ne3 Kc1
92. c4 Kb2 93. c5 Kb3 94. c6 Rg8 95. c7 Rc8 96. Nd5 1-0

[Event "Tradewise Gibraltar ChallWk1"]
[Site "Gibraltar"]
[Date "2018.01.23"]
[Round "2.29"]
[White "Sanchez Carrasco, Fco. Javier"]
[Black "O'Neil, Jim"]
[Result "1-0"]
[WhiteElo "2068"]
[BlackElo "1904"]
[PlyCount "63"]
[EventDate "2018.01.22"]
[EventType "swiss"]
[EventRounds "5"]
[EventCountry "GGB"]

1. Nf3 d6 2. d4 c6 3. e4 h6 4. Bd3 Nd7 5. O-O g5 6. e5 dxe5 7. Nxe5 Nxe5 8.
dxe5 Bg7 9. Qe2 Qc7 10. f4 gxf4 11. Bxf4 Qb6+ 12. Kh1 Qxb2 13. Nd2 h5 14. Nc4
Qd4 15. Rae1 Be6 16. Na5 Qb6 17. Qd2 Qc7 18. Bc4 Rd8 19. Qc3 Nh6 20. Bxe6 fxe6
21. Bxh6 Bxh6 22. Nb3 c5 23. Qh3 Qc6 24. Rf3 Kd7 25. Nxc5+ Qxc5 26. Rc3 Qd5 27.
Rd3 Kc7 28. Rxd5 exd5 29. Qa3 Rh7 30. Qxa7 Rf8 31. Rb1 Rb8 32. Qc5+ 1-0

[Event "Tradewise Gibraltar ChallWk1"]
[Site "Gibraltar"]
[Date "2018.01.23"]
[Round "2.30"]
[White "Lawson, Dominic Ralph"]
[Black "Minnema, Rens"]
[Result "0-1"]
[WhiteElo "2037"]
[BlackElo "1837"]
[PlyCount "72"]
[EventDate "2018.01.22"]
[EventType "swiss"]
[EventRounds "5"]
[EventCountry "GGB"]

1. e4 d6 2. d4 Nf6 3. Nc3 g6 4. Bf4 Bg7 5. Qd2 O-O 6. Bh6 c6 7. O-O-O b5 8. Bd3
b4 9. Nce2 a5 10. h4 Bxh6 11. Qxh6 Ng4 12. Qf4 a4 13. Nh3 b3 14. cxb3 axb3 15.
a3 e5 16. Qg3 h5 17. Bc4 Ba6 18. Bxa6 Nxa6 19. f3 Ne3 20. Rd3 Nc4 21. f4 Qa5
22. f5 Nb4 23. Rxb3 Rfb8 24. axb4 Qa1+ 25. Kc2 Qxh1 26. fxg6 f6 27. Qd3 d5 28.
exd5 cxd5 29. Qf5 Ra7 30. Qe6+ Kg7 31. dxe5 Nxe5 32. Nef4 Qf1 33. Nxh5+ Kh6 34.
N5f4 Ra1 35. Ra3 Qd1+ 36. Kc3 Rc1# 0-1

[Event "Tradewise Gibraltar ChallWk1"]
[Site "Gibraltar"]
[Date "2018.01.23"]
[Round "2.31"]
[White "De Vega Fernandez, Francisco J"]
[Black "Maric, Boris"]
[Result "1/2-1/2"]
[WhiteElo "1784"]
[BlackElo "2034"]
[PlyCount "135"]
[EventDate "2018.01.22"]
[EventType "swiss"]
[EventRounds "5"]
[EventCountry "GGB"]

1. e4 c5 2. Nc3 Nc6 3. f4 e6 4. Nf3 Nge7 5. d4 cxd4 6. Nxd4 Nxd4 7. Qxd4 Nc6 8.
Qf2 Qa5 9. Bd2 Nb4 10. Be3 Be7 11. Bb5 O-O 12. O-O Qc7 13. a3 Na6 14. f5 f6 15.
Rad1 Bd6 16. Bf4 Be5 17. Rd3 Nc5 18. Rh3 Bxf4 19. Qxf4 Qxf4 20. Rxf4 a6 21. Bc4
b5 22. Ba2 g5 23. fxg6 hxg6 24. Rfh4 Bb7 25. b4 Na4 26. Nxa4 bxa4 27. Bxe6+
dxe6 28. Rh8+ Kf7 29. R8h7+ Kg8 30. Rxb7 Rac8 31. Rhh7 Rfd8 32. Rbg7+ Kf8 33.
Rc7 Rxc7 34. Rxc7 Rd1+ 35. Kf2 Ra1 36. Rc3 Ke7 37. Ke3 g5 38. Rd3 Rh1 39. h3
Rg1 40. g4 Rh1 41. Kd2 Rh2+ 42. Kc3 Re2 43. Kd4 Rxc2 44. Rc3 Rb2 45. Rc7+ Kd6
46. Ra7 Rd2+ 47. Ke3 Rh2 48. Rxa6+ Ke5 49. Ra5+ Kd6 50. Rxa4 Rxh3+ 51. Kf2 Ke5
52. Ra6 Rb3 53. Ra5+ Kxe4 54. b5 f5 55. gxf5 Rb2+ 56. Kg3 exf5 57. Ra4+ Ke3 58.
Rb4 f4+ 59. Kg4 Rxb4 60. axb4 f3 61. b6 f2 62. b7 f1=Q 63. b8=Q Qf4+ 64. Qxf4+
gxf4 65. b5 f3 66. b6 f2 67. b7 f1=Q 68. b8=Q 1/2-1/2

[Event "Tradewise Gibraltar ChallWk1"]
[Site "Gibraltar"]
[Date "2018.01.23"]
[Round "2.32"]
[White "Livesey, R Nigel"]
[Black "Bryant, Richard B E"]
[Result "0-1"]
[WhiteElo "1750"]
[BlackElo "2016"]
[PlyCount "96"]
[EventDate "2018.01.22"]
[EventType "swiss"]
[EventRounds "5"]
[EventCountry "GGB"]

1. c4 f5 2. Nc3 Nf6 3. g3 Nc6 4. Bg2 e5 5. d3 Bb4 6. Bd2 O-O 7. Nf3 d6 8. O-O
Kh8 9. a3 Bxc3 10. Bxc3 f4 11. b4 fxg3 12. fxg3 Bd7 13. Qd2 Qc8 14. Ng5 Bf5 15.
Rae1 h6 16. Nf3 Bh3 17. Nh4 Ne7 18. e4 Bxg2 19. Kxg2 Kh7 20. Nf5 Qd7 21. Bb2
Nfg8 22. Ne3 c6 23. Qe2 Qe6 24. Rf3 Rxf3 25. Qxf3 a5 26. bxa5 Rxa5 27. Ng4 b5
28. cxb5 Rxb5 29. Re2 Rb3 30. Rd2 Qc8 31. Ne3 Qb8 32. Qf2 d5 33. exd5 cxd5 34.
Ng4 Ng6 35. Qe2 d4 36. Nf2 Nf6 37. Rc2 Qb7+ 38. Kg1 Qb5 39. Qd2 Nd5 40. Bc1 Ne3
41. Rb2 Qd5 42. Ne4 Rxa3 43. Rb6 Ra2 44. Rb2 Ra1 45. Rc2 Qf7 46. Qe2 Nxc2 47.
Qxc2 Qf3 48. Nf2 Qe3 0-1

[Event "Tradewise Gibraltar ChallWk1"]
[Site "Gibraltar"]
[Date "2018.01.24"]
[Round "3.1"]
[White "Dolzhikova, Olga"]
[Black "Allor, Chukwuka"]
[Result "0-1"]
[WhiteElo "2187"]
[BlackElo "2099"]
[PlyCount "98"]
[EventDate "2018.01.22"]
[EventType "swiss"]
[EventRounds "5"]
[EventCountry "GGB"]

1. e4 c5 2. c3 d6 3. Nf3 Nf6 4. Be2 e6 5. O-O Be7 6. Re1 O-O 7. Bf1 Nc6 8. d4
d5 9. e5 Nd7 10. Nbd2 cxd4 11. cxd4 b6 12. Bd3 Bb7 13. Nf1 Rc8 14. a3 a5 15. b3
Rc7 16. Ng3 Re8 17. Ra2 Nf8 18. h3 Qa8 19. Be3 Ba6 20. Bb1 Na7 21. a4 Nc6 22.
Nh2 Nb4 23. Rd2 Rec8 24. Qg4 Nc2 25. Nh5 Ng6 26. Red1 Bb4 27. Rxc2 Rxc2 28.
Bxc2 Rxc2 29. Nf3 Be2 30. Rb1 Qc8 31. h4 Bxf3 32. gxf3 Bd2 33. Bxd2 Rxd2 34.
Ng3 Qc2 35. Rf1 h6 36. h5 Nf8 37. Qh4 Qxb3 38. Qf4 Qd3 39. Rc1 Qxd4 40. Qe3
Rd1+ 41. Rxd1 Qxd1+ 42. Kg2 Qxa4 43. Qxb6 Qb4 44. Qxb4 axb4 45. Nf1 b3 46. Nd2
b2 47. f4 Nd7 48. Kf3 Nb6 49. Ke2 Nc4 0-1

[Event "Tradewise Gibraltar ChallWk1"]
[Site "Gibraltar"]
[Date "2018.01.24"]
[Round "3.2"]
[White "Hamer, Martyn"]
[Black "Lacrosse, Marc"]
[Result "0-1"]
[WhiteElo "2020"]
[BlackElo "2117"]
[PlyCount "78"]
[EventDate "2018.01.22"]
[EventType "swiss"]
[EventRounds "5"]
[EventCountry "GGB"]

1. Nf3 d5 2. d4 Nf6 3. c4 e6 4. g3 Be7 5. Bg2 O-O 6. O-O dxc4 7. Ne5 c5 8. dxc5
Qc7 9. Nxc4 Qxc5 10. b3 Rd8 11. Qc2 Nc6 12. Ba3 Nb4 13. Qc1 Rb8 14. Bb2 Nc6 15.
Nc3 b5 16. Ne3 Nd4 17. Qe1 Ba6 18. Ne4 Nxe4 19. Bxe4 Bg5 20. Kh1 b4 21. Nc4
Bxc4 22. bxc4 Qxc4 23. Bxd4 Rxd4 24. Bd3 Qc6+ 25. Kg1 a5 26. Qb1 h5 27. e3 Rd7
28. Qc2 Qb6 29. Rfd1 Rbd8 30. Be2 h4 31. Rxd7 Rxd7 32. Rc1 hxg3 33. hxg3 Bxe3
34. fxe3 Qxe3+ 35. Kf1 Rd2 36. Qc8+ Kh7 37. Re1 Qxg3 38. Qc4 Rd5 39. Bg4 Rg5
0-1

[Event "Tradewise Gibraltar ChallWk1"]
[Site "Gibraltar"]
[Date "2018.01.24"]
[Round "3.3"]
[White "Saber, Yasser"]
[Black "Odeh, Kenneth"]
[Result "1-0"]
[WhiteElo "2244"]
[BlackElo "1922"]
[PlyCount "107"]
[EventDate "2018.01.22"]
[EventType "swiss"]
[EventRounds "5"]
[EventCountry "GGB"]

1. d3 g6 2. g3 Bg7 3. Bg2 e5 4. Nf3 Ne7 5. e4 O-O 6. O-O d5 7. exd5 Nxd5 8. Re1
Nc6 9. Nc3 Nde7 10. Rb1 a5 11. a3 f5 12. Bd2 f4 13. gxf4 exf4 14. Qe2 Bg4 15.
Qe4 Bxf3 16. Bxf3 Ne5 17. Bg2 f3 18. Bh3 Nf5 19. Qd5+ Qxd5 20. Nxd5 c6 21. Nc7
Nd4 22. Nxa8 Rxa8 23. Bf1 c5 24. Bf4 Nec6 25. c3 Nf5 26. Re4 h6 27. Rbe1 Kf7
28. Bh3 Rg8 29. Bg4 Rd8 30. Bxf3 Rxd3 31. Be2 Rd8 32. Bc4+ Kf8 33. Bc7 Ra8 34.
Bb6 Bf6 35. Bxc5+ Kg7 36. Rd1 Ne5 37. Be2 h5 38. f4 Nf7 39. Rd7 N5h6 40. Be7 b5
41. Bxb5 a4 42. Bxf6+ Kxf6 43. Rxa4 Rb8 44. Ra6+ Kf5 45. Bd3+ Kxf4 46. Rf6+ Ke3
47. Re6+ Kf3 48. Bxg6 Rxb2 49. Bxh5+ Kf4 50. Bxf7 Rb1+ 51. Kg2 Nf5 52. Rf6 Rc1
53. Rd4+ Ke5 54. Re6# 1-0

[Event "Tradewise Gibraltar ChallWk1"]
[Site "Gibraltar"]
[Date "2018.01.24"]
[Round "3.4"]
[White "Elomari, Anas"]
[Black "Richards, Heather S"]
[Result "0-1"]
[WhiteElo "2100"]
[BlackElo "2223"]
[PlyCount "136"]
[EventDate "2018.01.22"]
[EventType "swiss"]
[EventRounds "5"]
[EventCountry "GGB"]

1. d4 d6 2. e4 Nf6 3. Bd3 e5 4. Ne2 Be7 5. d5 c6 6. c4 a5 7. Nbc3 Na6 8. O-O
O-O 9. Kh1 cxd5 10. cxd5 Nc5 11. f3 Nfd7 12. Bb5 Bg5 13. Ng3 g6 14. Qc2 h5 15.
Bxg5 Qxg5 16. Qc1 Qh4 17. Qh6 Nf6 18. Rac1 Rd8 19. Na4 Nxa4 20. Bxa4 Bd7 21.
Bxd7 Nxd7 22. Rc3 Rac8 23. Rfc1 Rxc3 24. Rxc3 Nc5 25. Qd2 b5 26. Rc2 a4 27. Ne2
Rb8 28. g3 Qh3 29. Kg1 Kg7 30. Rc3 Qd7 31. Nc1 Qa7 32. Kg2 Qa6 33. b4 axb3 34.
Nxb3 b4 35. Rc2 Na4 36. Rc6 Rb6 37. Rc2 Nc3 38. Nc1 Qb5 39. Ne2 Na4 40. Nc1 Ra6
41. Qe2 Qxe2+ 42. Nxe2 Nc5 43. Nc1 f5 44. exf5 gxf5 45. Nb3 Nxb3 46. axb3 Ra5
47. Rc4 Rxd5 48. Rxb4 Rd2+ 49. Kg1 Kf6 50. h4 Ke6 51. Kf1 Kd5 52. g4 fxg4 53.
fxg4 hxg4 54. Rxg4 e4 55. Rg2 Rd3 56. Rh2 Rxb3 57. Rd2+ Ke5 58. Kg2 d5 59. h5
d4 60. Rf2 e3 61. Rf7 Ke4 62. h6 Rb6 63. h7 Rh6 64. Rd7 Kd3 65. Kf3 e2 66. Re7
Rf6+ 67. Kg2 Rf8 68. Rf7 Rxf7 0-1